The student's guide to exam success / (Record no. 160828)

MARC details
000 -LEADER
fixed length control field 00489nam a22001697a 4500
005 - DATE AND TIME OF LATEST TRANSACTION
control field 20190212125031.0
010 ## - LCCN (DPL NO)
LC control number B-226339
020 ## - INTERNATIONAL STANDARD BOOK NUMBER
International Standard Book Number 817649268-X
Terms of availability 175.00
035 ## - SYSTEM CONTROL NUMBER
System control number B-226339
037 ## - SOURCE OF ACQUISITION
Source of stock number/acquisition Viva Books Private Limited
082 ## - DEWEY DECIMAL CLASSIFICATION NUMBER
Classification number 378.166
100 ## - MAIN ENTRY--PERSONAL NAME
Personal name Tracy, Eileen
245 ## - TITLE STATEMENT
Title The student's guide to exam success /
Statement of responsibility, etc Eileen Tracy
260 ## - PUBLICATION, DISTRIBUTION, ETC. (IMPRINT)
Place of publication, distribution, etc New Delhi
Name of publisher, distributor, etc Viva Books Private Limited
Date of publication, distribution, etc 2002
300 ## - PHYSICAL DESCRIPTION
Extent 184p.
Dimensions 22cm(pbk)
942 ## - ADDED ENTRY ELEMENTS (KOHA)
Source of classification or shelving scheme Dewey Decimal Classification
Item type English Books
Classification part 378.166
Call number suffix TRA
Holdings
Withdrawn status Lost status Not for loan Collection code Home library Current library Date acquired Full call number Barcode Koha item type Source of acquisition Cost, normal purchase price Cost, replacement price
      Non-fiction Sarojini Nagar Sarojini Nagar 12/02/2019 378.166 TRA B-226339 English Books      
      Non-fiction Sarojini Nagar Sarojini Nagar 28/03/2019 378.166 TRA B-226342 English Books      
      Non-fiction Yojana Vihar Yojana Vihar 13/07/2019 378.166 TRA B-226345 English Books BPPD/PUB 175.00 175.00

© Delhi Public Library
Hit Counter
free hit counter